[Event "NZL-ch op-B 130th"]
[Site "Wellington"]
[Date "2023.01.05"]
[Round "4"]
[White "Hooper, John"]
[Black "Wang, Carol Huixin"]
[Result "1/2-1/2"]
[WhiteElo "1251"]
[BlackElo "1127"]
[PlyCount "86"]
[EventDate "2023.01.02"]
[EventType "swiss"]
[EventRounds "9"]
[EventCountry "NZL"]
[SourceTitle "CBM 212 Extra"]
[Source "ChessBase"]
[SourceDate "2023.03.31"]
[SourceVersion "1"]
[SourceVersionDate "2023.03.31"]
[SourceQuality "1"]

1. d4 d5 2. Nf3 Nf6 3. g3 e6 4. Bg2 c5 5. 0-0 Nc6 6. c4 dxc4 7. Nbd2 Be7 8. Nxc4 0-0 9. Nce5 Nxe5 10. Nxe5 cxd4 11. Bf4 Nh5 12. Bc1 Bd6 13. Qxd4 Qc7 14. Nc4 Rd8 15. Rd1 Be7 16. Bf4 Nxf4 17. Qxf4 Qxf4 18. gxf4 f6 19. Rxd8+ Bxd8 20. Rd1 Be7 21. e4 g6 22. e5 f5 23. Nd6 Rb8 24. Nxc8 Rxc8 25. Rd7 Rc1+ 26. Bf1 Bc5 27. Rxb7 Rc2 28. Bd3 Rxf2 29. Kh1 Rxf4 30. Rc7 Bd4 31. Bc4 Bxe5 32. Bxe6+ Kf8 33. Rf7+ Ke8 34. Rxh7 Bd4 35. b4 Rg4 36. h4 Bb6 37. b5 Rg1+ 38. Kh2 f4 39. Rf7 Rf1 40. Kg2 Rf2+ 41. Kh3 Rf1 42. Kg2 Rf2+ 43. Kh3 Rf1 1/2-1/2